Quick Pick: Birthstones Quiz Stats

 Plays Quiz Updated May 30, 2016

Challenge
Share
Tweet
Embed
Score 0/12 Timer 01:00
0 Plays Today
% Correct
Diamond
61.4%
Ruby
57.9%
Garnet
56.5%
Amethyst
55.6%
Emerald
52.3%
Sapphire
50.8%
Opal
50.2%
Topaz
49.4%
Peridot
44.9%
Pearl
44.8%
Aquamarine
44.6%
Turquoise
33.1%

Today's Daily Dose

You're not logged in!

Compare scores with friends on all Sporcle quizzes.
Join for Free
OR
Log In

You Might Also Like...

Show Comments

Extras

Top Quizzes Today


Score Distribution

Your Account Isn't Verified!

In order to create a playlist on Sporcle, you need to verify the email address you used during registration. Go to your Sporcle Settings to finish the process.

Report this User

Report this user for behavior that violates our Community Guidelines.

Details: